[Event "FIDE World Cup"]
[Site "Khanty-Mansiysk"]
[Date "2005.11.29"]
[Round "1.4"]
[White "Mamedyarov, Shakhriyar"]
[Black "Ibrayev, Nurlan"]
[Result "1-0"]
[WhiteElo "2674"]
[BlackElo "2508"]
[Annotator "Gofshtein,L"]
[PlyCount "111"]
[EventDate "2005.11.27"]
[EventType "k.o."]
[EventRounds "7"]
[EventCountry "RUS"]
[SourceTitle "CBM 111"]
[Source "ChessBase"]
[SourceDate "2006.04.04"]
[SourceVersion "1"]
[SourceVersionDate "2006.04.04"]
[SourceQuality "1"]

1. d4 Nf6 2. c4 e6 3. Nf3 b6 4. g3 Ba6 5. Qa4 Bb7 6. Bg2 c5 7. dxc5 Bxc5 8. O-O
O-O 9. Nc3 Be7 10. Rd1 Na6 11. Bf4 {You can find a theoretical part to this
line in the notes to the game Mamedyarov,S - Anand,V} Qc8 {The drawback of
this move order is that White can now retreat with the queen to a3 sometimes
and not necessarily to c2.} (11... Nc5 12. Qc2 Qc8 {is the game Mamedyarov,s -
Anand,V Weik aan Zee 2006}) 12. Nb5 (12. Rac1 Nc5 13. Qa3 $1 {this is the
additional option that White has, when Black uses this move order (11...Qc8
instead of the usual 11...Nc5).} (13. Qc2 Nce4 {leads to a well-known
theoretical position. where Black easily solves his problems and equalises.})
13... Re8 14. Bd6 Bxd6 15. Rxd6 Qb8 16. Rcd1 {and it seems that White has
certain pressure.} Nd5 $2 {gets into an inferior endgame by force:} 17. cxd5
Qxd6 18. b4 exd5 (18... Na6 19. dxe6 Qxe6 20. Nd4 {and White wins}) 19. bxc5
Qxc5 20. Qxc5 bxc5 21. e3 {with a big advantage for White Skembris,S - Del Rio
Angelis,S Cutro op 2002}) 12... Ne4 (12... Nc5 13. Qa3 {pinning the knight on
c5} Ne8 14. Nd6 (14. b4 Ne4 {1/2-1/2 Meister,P-Arkell,K/York 1999/CBM 073 ext 
(45) and it's not clear what white had achieved with b2-b4.}) 14... Nxd6 15.
Bxd6 Bxd6 16. Rxd6 Qc7 17. Rad1 {leading to the same position as in the game})
13. Nd6 (13. Nd2 Nxd2 (13... Nac5 14. Qc2 Nxd2 15. Qxd2 Bxg2 16. Kxg2 a6 17.
Nd6 Bxd6 18. Bxd6 Ne4 19. Qb4 {and White has some pressure}) 14. Bxb7 Qxb7 15.
Rxd2 Nc5 16. Qd1 Rfd8 17. Bd6 (17. Nd6 Bxd6 18. Bxd6 Ne4 19. Rd4 Nxd6 20. Rxd6
Rac8 {is about equal}) 17... Bf6 {[%cal Gc5e4]} 18. Bxc5 bxc5 19. Nd6 Qc6 {
and Black is fine}) 13... Nxd6 14. Bxd6 Bxd6 15. Rxd6 Nc5 16. Qa3 Qc7 (16...
Ne4 {Black could have tried to solve all his problems with this move, after
which he quickly breaks with d7-d5, it seems as he's able to neutralize the
white's pressure.} 17. Rd4 d5 (17... f5 {looks risky for black, although
playable, after} 18. Rad1 d5 19. Ne5 Qc7 20. f4 {White can hope for a slight
edge.}) 18. Rad1 (18. Ne5 $6 Qc7 19. cxd5 Qxe5 20. Rxe4 Qxd5 {and White has to
be careful here.}) 18... Qc7 {covering the e5 square} (18... dxc4 19. Ne5 Nc5
20. Nxc4 Bxg2 21. Kxg2 {with a small advantage for White}) 19. cxd5 Bxd5 20.
Nd2 Nf6 21. e4 Bb7 22. Nc4 (22. Rc4 Qd7 {is not dangerous for Black}) 22... e5
23. Qd6 Qxd6 24. Rxd6 Rac8 25. Nxe5 Rfe8 26. f4 Bxe4 27. Bxe4 Nxe4 28. Rd7 f6 {
and Black should equalise.}) 17. Rad1 Bd5 {Black wins an exchange but White's
compensation is obvious.} 18. R6xd5 exd5 19. Rxd5 Ne4 20. Qd3 {Black's main
problem in this position is that his rooks don't have any open files to
operate on.} Nf6 21. Rd6 {The rook keeps an eye on the knight on f6 from here.}
Rac8 22. b3 {This is the critical moment, the question is whether Black could
have get counterplay by sacrificing a pawn with b6-b5.} Qc5 $6 (22... b5 $1 23.
cxb5 Qc1+ 24. Bf1 (24. Qd1 $2 Qb2 25. Rd2 Rc1 26. Rxb2 Rxd1+ 27. Bf1 Rc8 {
and Black has total control of the position.}) 24... Rfe8 {The idea of this
move is to stop e2-e4.} (24... Qa1 25. e4 $1 (25. Ra6 $2 {is bad due to} Rc1
26. e3 Rd1 27. Qc4 (27. Qe2 Ne4 $19 {[%cal Ge4c3]}) 27... d5 28. Qe2 Ne4 {
with a strong initiative}) 25... Rc1 26. Kg2 Rfc8 27. e5 R8c3 {White has an
amazing resource here:} 28. b6 $1 Rxd3 (28... axb6 29. Rxb6 {and White is
winning}) 29. b7 $1 Rdc3 30. Ba6 (30. Rd1 Qxa2 31. Rxc1 Qxb3 32. Rxc3 Qxb7 33.
exf6 gxf6 {and Black has good chances for a draw.}) 30... Rc8 31. bxc8=Q+ Rxc8
32. Bxc8 Ne4 33. Rxd7 {and White keeps a strong initiative}) 25. Ra6 Rc7 26.
Kg2 Re6 27. Ra4 {the position is unclear, at the cost of a pawn, black has
opened lines for his rooks, and his pieces became active.}) 23. e3 Rfe8 24. Rd4
Qa3 (24... d5 $6 {Now the opening of the lines is not that good for Black:} 25.
cxd5 Qd6 26. Bh3 Rc1+ 27. Kg2 {and it's not clear what Black can do, against
White's central pawns.}) 25. Bh3 $1 Rc7 {An unfortunate decision, in the
endgame White plays without any risk, and has only two options, either to win
or to draw. From a psychological point of view, it's very unpleasent for Black
to defend this kind of positions.} (25... Qxa2 26. Bxd7 Nxd7 27. Rxd7 {looks
dangerous for Black, White might get a dangerous attack, but anyway, Black
should have chosen this line as the position remains complicated and all three
results are possible.} Qa5 28. Nd4 {[%cal Gd4b5]}) 26. Bxd7 Rxd7 27. Rxd7 Nxd7
28. Qxd7 Qe7 29. Qxe7 Rxe7 30. Kf1 {obviously White's first task is to bring
the king to the centre.} Rd7 31. Ke2 f6 32. Nd4 Kf7 33. b4 {White improves his
position step by step, he has no reason to hurry.} Ke7 34. Kd3 Kd6 35. a3 g6
36. e4 a6 37. f4 Rd8 38. h4 Rd7 39. g4 Rf7 40. Ke3 Rc7 41. Kd3 Rf7 {Black has
no counterplay whatsoever and all he can do is wait for White's activity.} 42.
Nf3 {White frees the square d4 for the king.} a5 $2 {Black uses the fact that
he can exchange the a-pawns and goes for it, a passive defense was quite
possible.} (42... Rf8 43. Kd4 Rd8 {and it's still not easy for White to make
progress, for example:} 44. g5 Ke7+ 45. Ke3 Rd1 46. gxf6+ Kxf6 {and Black is
ok.}) 43. Nd4 $1 (43. Kd4 {allows the black rook to get involved in the game:}
axb4 44. axb4 Ra7) 43... axb4 44. axb4 {now Black suddenly finds himself in
zugzwang, any move will only worsen his position, if he moves the rook on the
seventh rank, white will push g4-g5, 44...h6 allows 45.h5 and the pawn on h6
will be lost, while any move with the king allows White to create a passed
c-pawn.} Rf8 {This move doesn't help as well.} (44... Rd7 45. g5 Ke7 46. c5 {
is probably winning for White.}) (44... h6 45. h5 Rg7 46. c5+ {and again Black
is on the verge of defeat.}) (44... Kd7 45. c5 bxc5 46. bxc5 h5 47. gxh5 gxh5
48. Kc4 Rg7 49. c6+ Kc8 50. Kd5 Rg4 51. Kd6 Rxf4 52. Nb5 {winning}) 45. c5+
bxc5 46. bxc5+ Kd7 47. Kc4 Ke7 (47... Ra8 48. Kd5 Ra1 49. g5 Ke7 50. f5 $18)
48. Nc6+ Kd7 49. Kd5 {Black is helpless.} h5 50. gxh5 gxh5 51. Nd4 Rd8 52. c6+
Kc7+ 53. Kc5 Re8 54. Nb5+ Kd8 55. c7+ Kd7 56. Nd6 1-0

[Event "Reggio Emilia Top15 33rd"]
[Site "Reggio Emilia"]
[Date "1991.??.??"]
[Round "?"]
[White "Beliavsky, Alexander G"]
[Black "Ljubojevic, Ljubomir"]
[Result "1-0"]
[WhiteElo "2640"]
[BlackElo "2590"]
[Annotator "Gurevich,M"]
[PlyCount "75"]
[EventDate "1991.01.??"]
[EventType "tourn"]
[EventRounds "14"]
[EventCountry "ITA"]
[EventCategory "15"]
[SourceTitle "CBM 022"]
[Source "ChessBase"]
[SourceDate "1991.06.01"]
[SourceVersion "1"]
[SourceVersionDate "1991.06.01"]
[SourceQuality "1"]

1. d4 {Schussler} Nf6 2. c4 e6 3. Nf3 b6 4. g3 Bb4+ 5. Bd2 Be7 6. Bg2 c6 7. Qa4
$5 O-O 8. Ne5 Bb7 9. O-O Qc7 {/\ d7-d6-d5} (9... a6 10. Qb3 d6 11. Nd3 d5 12.
Nc3) 10. Nc3 a6 11. Nd3 c5 $6 (11... d5 12. Bf4 Qc8 13. c5 $16) (11... b5 12.
Qb3 bxc4 13. Qxc4 d5 14. Qa4 Nbd7 15. Bf4 Qb6 {/\ 16... c5=}) 12. d5 exd5 13.
Nxd5 Nxd5 14. cxd5 d6 15. g4 $1 {/\ g4-g5, Qh4|^} Nd7 16. g5 c4 $5 17. Nb4 b5
18. Qc2 Nb6 $6 (18... Ne5 $5 {/\ 19... a5} 19. Qe4 (19. f4 Qc5+ 20. e3 a5)
19... f5 20. gxf6 Bxf6 21. Nc2 Nd7 $5) 19. a4 $1 {/\ Ra1-a3-h3} Nxa4 20. Ra3
Rfe8 21. Rh3 g6 22. b3 Nb6 23. Qc3 {/\ Bd2-c1-b2} Bc8 24. Re3 Bf5 25. Bc1 Nd7
26. Nc6 Ne5 27. Nxe7+ Rxe7 28. f4 Ng4 29. Rxe7 Qxe7 30. h3 $18 Qa7+ 31. Kh1 (
31. e3 b4) 31... b4 (31... Nf2+ 32. Rxf2 Qxf2 33. Bb2 $18) 32. Qg3 cxb3 33.
hxg4 Bc2 34. Bb2 a5 35. Bf6 Qb8 36. Qh4 Qf8 37. Rf3 h6 38. Rh3 1-0

[Event "Lost Boys op"]
[Site "Amsterdam"]
[Date "2000.08.19"]
[Round "9"]
[White "Tregubov, Pavel V"]
[Black "Gurevich, Mikhail"]
[Result "1/2-1/2"]
[WhiteElo "2620"]
[BlackElo "2667"]
[Annotator "Gurevich,M"]
[PlyCount "35"]
[EventDate "2000.08.05"]
[EventType "swiss"]
[EventRounds "9"]
[EventCountry "NED"]
[SourceTitle "CBM 077 Extra"]
[Source "ChessBase"]
[SourceDate "2000.09.14"]
[SourceVersion "1"]
[SourceVersionDate "2000.09.14"]
[SourceQuality "1"]

1. d4 Nf6 2. c4 e6 3. Nf3 b6 4. g3 Ba6 5. Nbd2 Bb7 6. Bg2 c5 7. e4 cxd4 8. O-O
Qc8 $5 9. e5 Ne4 10. Nxe4 $5 {TN} (10. Nb3 Nc6 11. Re1 f5 12. exf6 Nxf6 13.
Nfxd4 Nxd4 14. Bxb7 Qxb7 15. Qxd4 Be7 16. Bg5 O-O 17. Rad1 Rf7 18. Re2 Rc8 $132
{0-1 Rogozenko,D-Volke,K/BL98/99 Duisburg-Magdeburg 1999/BL9899 (48)}) 10...
Bxe4 11. Re1 (11. Qxd4 $5 Qb7 12. Qc3 Be7 13. Re1 Bc6 (13... O-O 14. Rxe4 Qxe4
15. Nd4 $18) 14. b4 $1 $36 Bxb4 $2 15. Qxb4 Bxf3 16. Bg5 $18) 11... Bxf3 $1 (
11... Bb7 12. Qxd4 Bc5 13. Qg4 $16) 12. Bxf3 Nc6 13. a3 $5 {[/\ b2-b4-b5]} (13.
Bxc6 Qxc6 14. Qxd4 Bb4 15. Rd1 O-O 16. a3 Bc5 $132 17. Qxd7 Qf3 $36) 13... Be7
(13... a5 14. Bxc6 Qxc6 15. Qxd4 Bc5 16. Qg4 $36) 14. b4 Rb8 (14... O-O 15. b5
Na5 16. Bxa8 Qxa8 17. Qxd4 $16) (14... f6 15. exf6 Bxf6 16. b5 Ne7 (16... Ne5
17. Bxa8 Qxa8 18. Rxe5 Bxe5 19. Qh5+ $18) 17. Bxa8 Qxa8 18. a4 $5 $16) 15. Bxc6
(15. Bb2 f6 $5 16. exf6 (16. Bxc6 Qxc6 17. Qxd4 O-O $132) 16... Bxf6 17. Bxc6
Qxc6 18. Bxd4 O-O $132) 15... dxc6 16. Qxd4 (16. Qg4 g6 17. Qxd4 O-O $11) 16...
O-O $11 17. Be3 (17. Qe4 $142 Rd8 18. Be3 Rb7 $5 $11 {(/\ 19...Rbd7)}) 17... f5
$5 18. Red1 1/2-1/2

[Event "Helsinki op"]
[Site "Helsinki"]
[Date "1992.??.??"]
[Round "7"]
[White "Vyzmanavin, Alexey"]
[Black "Kiselev, Sergey"]
[Result "1-0"]
[WhiteElo "2580"]
[BlackElo "2530"]
[Annotator "Hansen,Cu"]
[PlyCount "79"]
[EventDate "1992.09.??"]
[EventType "swiss"]
[EventRounds "9"]
[EventCountry "FIN"]
[SourceTitle "CBM 032"]
[Source "ChessBase"]
[SourceDate "1993.02.01"]
[SourceVersion "1"]
[SourceVersionDate "1993.02.01"]
[SourceQuality "1"]

1. d4 {Dautov} Nf6 2. c4 e6 3. Nf3 b6 4. g3 Ba6 5. b3 Bb7 6. Bg2 Bb4+ 7. Bd2 c5
8. O-O O-O 9. Bxb4 cxb4 10. Qd3 d6 (10... Be4 11. Qe3 Nc6 12. Nbd2 d5 13. cxd5
$1 (13. Nxe4 Nxe4 14. Nd2 Nc3 $15 {Dokhoian,Y-Romanischin,O Erevan 1989 inf 48/
682} (14... Nc3 15. Nb1 Nxd4 16. Nxc3 Nc2 17. Qc1 Nxa1 18. Nb5 a6 19. Nd4 Nxb3
20. axb3 Rc8 $10 {Dokhoian,Y-Romanishin,O Erevan 1989 48/682})) 13... exd5 14.
Ne5 Bxg2 15. Nxc6 Qd7 16. Ne5 Qh3 17. Rfc1 $16 {Dautov,R-Romanischin,O
Kecskemet 1989 48/683} (17. Rfc1 {Dautov} Be4 {Dautov,R-Romanishin,O Kecskemet
1989 48/683} 18. f3 Bg6 19. Rc7 Rfc8 20. Rac1 Rxc7 21. Rxc7 Rc8 22. Rc6 $16)) (
10... d5 11. Nbd2 Nbd7 12. Rfc1 Qe7 13. Qe3 Rac8 $10 {Nikolic,P-Arnason,JL
Moskva 1989 inf. 49/(597)} (13... Rac8 {Dautov} 14. Ne5 Nxe5 15. dxe5 Nd7 16.
cxd5 Bxd5 17. Bxd5 exd5 18. Nf3 Rc5 19. Qd4 Re8 $10 {Nikolic,P-Arnason,J
Moskva 1990})) 11. Nbd2 Qc7 (11... a5 12. Rad1 Qc7 13. e4 e5 $13 {Grunberg,
HU-Hjartarson,J Novi Sad OL 50/544} (13... e5 {Dautov} 14. Nh4 Nc6 15. d5 Ne7
16. Bh3 Ng6 17. Nxg6 hxg6 $10 {Gruenberg,H_U.-Hjartarson,J Novi Sad(ol) 1990
50/544})) (11... Nbd7 $6 {Dautov} 12. e4 e5 13. Nh4 $16) 12. e4 {/\e4-e5} e5
13. Ne1 Nc6 14. Nc2 (14. d5 $2 Ne7 {/\Sd7,a7-a5,Sc5 =/+}) 14... a5 15. Rfe1 (
15. f4 $2 {Dautov} Nxd4 16. Nxd4 Qc5) (15. Kh1 $5 {Dautov /\f4}) 15... Ba6 16.
Nf1 Rab8 17. Nfe3 b5 18. cxb5 Bxb5 19. Qd2 $14 Rfd8 $6 (19... Nxd4 20. Nxd4
exd4 21. Qxd4 Qc5 22. Rad1 $16) (19... Qb6 $2 20. Nf5 $16 {/\Nxg7/Nxd6}) (19...
g6 $1 20. Rec1 Qb6 21. dxe5 dxe5 22. Qd6 Kg7 (22... Qd8 $10) 23. Nd5 Qd8 $10)
20. Rec1 {/\21.d5 Ne7 21.Nxb4} Qb7 (20... Qb6 21. Nf5 g6 22. d5 $1 Na7 (22...
gxf5 23. Qg5+) 23. Qh6 $16) 21. d5 Ne7 22. a3 $1 $16 {פe7,פf6} Nd7 (22...
bxa3 23. Rxa3 $16) (22... Be8 {Dautov} 23. axb4 axb4 24. Nc4 $16 {><d6,b4}) 23.
axb4 axb4 24. Nxb4 Nc5 25. Rab1 Bd7 26. Rxc5 $1 (26. Nd3 Nxb3 27. Qd1 Ba4 $132
(27... Ba4 {Dautov} 28. Rc4 Qd7 29. Nb2 Nc5 30. Nxa4 Rxb1 31. Qxb1 Nxa4 $10)) (
26. Nec2 {Dautov} f5 $44) 26... dxc5 27. Nd3 f6 (27... Qc7 {Dautov} 28. Rc1 (
28. Nc4 $2 Bb5 29. Ndxe5 f6 30. d6 Qa7 $17) 28... Rxb3 $2 29. Nxc5 Rb5 30. Ne6
Qxc1+ 31. Qxc1 fxe6 32. Qc7 Rbb8 33. dxe6 $18) (27... Ng6 {Dautov} 28. Nxc5 Qa7
(28... Qb4 $2 29. Qxb4 Rxb4 {/\Rb5} 30. Bf1 Be8 31. Ra1 Rc8 32. Ra5 $16) 29. b4
Bb5 $14) 28. Nxc5 {/\b3-b4} Qb4 (28... Qb6 {Dautov} 29. b4 (29. Nxd7 Rxd7 30.
Bh3 Rdd8 31. Nc4 Qb4 $13) 29... Bb5 30. Bh3 Ra8 $14) 29. Qxb4 Rxb4 30. Ra1 {
/\Ra7} Rb5 $2 (30... Kf7 31. Ra7 Ke8 32. Nc4 $16 (32. Nc4 {Dautov} Bb5 33. Rb7
$18)) (30... Nc8 $2 {Dautov} 31. Ra8 $18) (30... Bc8 {Dautov} 31. Bf1 $16 {
/\Ra7,Ra8}) 31. Nxd7 Rxd7 32. Ra8+ Kf7 33. Bh3 $18 Rdb7 34. Be6+ Kg6 35. d6 Nc6
36. Bd5 Rxd5 (36... Rc5 {Dautov} 37. Rc8 $18) 37. Nxd5 Nb8 (37... Rxb3 38. Ne7+
) 38. Ne7+ Kf7 39. Rxb8 Rxb8 40. Nc6 1-0

[Event "Azov"]
[Site "Azov"]
[Date "1995.??.??"]
[Round "6"]
[White "Neverov, Valeriy"]
[Black "Gurevich, Vladimir"]
[Result "1-0"]
[WhiteElo "2490"]
[BlackElo "2445"]
[Annotator "Hansen,Cu"]
[PlyCount "71"]
[EventDate "1995.??.??"]
[EventType "tourn"]
[EventRounds "13"]
[EventCountry "RUS"]
[EventCategory "8"]
[SourceTitle "CBM 046"]
[Source "ChessBase"]
[SourceDate "1995.06.01"]
[SourceVersion "1"]
[SourceVersionDate "1995.06.01"]
[SourceQuality "1"]

1. d4 {Dautov} Nf6 2. c4 e6 3. Nf3 b6 4. g3 Ba6 5. b3 Bb4+ 6. Bd2 Be7 7. Bg2 c6
8. Bc3 d5 9. Ne5 Nfd7 10. Nxd7 Nxd7 11. Nd2 O-O 12. O-O Rc8 13. e4 b5 (13... c5
{- 48/(689)}) 14. Re1 (14. c5 $2 b4 $17) 14... dxe4 15. Bxe4 (15. Nxe4 $5 {
Dautov} bxc4 16. Qe2) 15... bxc4 (15... c5 16. d5 (16. cxb5 $1 $146 Bxb5 (16...
cxd4 $2 17. Bxd4 Bxb5 18. Bxh7+ $1 $18) 17. d5 exd5 18. Bxd5 Nb6 (18... Bf6 19.
Ne4 Bxc3 20. Nxc3 Ba6 $14) 19. Bg2 Bf6 (19... Bc6 20. Bxc6 Rxc6 21. Qf3 $16)
20. Bxf6 Qxf6 21. Ne4 Qg6 22. Qd2 $1 $16 {Shipov,S-Gagarin,V/Moscow/1994/})
16... exd5 17. Bxd5 Bf6 (17... Nf6 $6 18. Bg2 $14) 18. Bxf6 (18. Rc1 $5 {N}
bxc4 19. Nxc4 Nb6 20. Nxb6 axb6 21. Qf3 Rc7 22. Rcd1 $1 (22. Bxf6 Qxf6 23. Qxf6
gxf6 24. Rcd1 Bb7 $10) 22... Bxc3 (22... Rd7 23. Bc6 Rxd1 24. Rxd1 Qe7 25. Bxf6
Qxf6 26. Qxf6 gxf6 27. Rd6 $16) 23. Qxc3 {+/= Chuchelov,V-Lutz,Ch/Deutschland
60/(490) 1994} (23. Qxc3 Rd7 24. Qe5 $1 Qf6 25. Qxf6 gxf6 26. Bc6 Rxd1 27. Rxd1
Bc8 28. Rd6 Be6 29. Kg2 $14 {Chuchelov,V})) 18... Nxf6 19. cxb5 Bxb5 20. Bg2 (
20. Bc4 Bc6 $15) 20... Qa5 21. Qc2 Rfd8 22. Rad1 Bd3 23. Qb2 Qb4 {/\ Qd4-/+}
24. Qc1 h6 25. Bh3 Rb8 26. Bf1 Bxf1 27. Nxf1 Ne4 28. a3 Qb7 29. h4 Rxd1 30.
Qxd1 Nc3 31. Qd3 Nb5 32. b4 $1 $8 Nd4 33. Nh2 Qb6 34. bxc5 Qxc5 35. Nf3 Nxf3+
36. Qxf3 a5 {1/2-1/2 Chernin,A-Timman,J/Amsterdam 44/664 (Timman,J) 1987}) (
15... Nf6 {N} 16. Bg2 c5 (16... bxc4 17. bxc4 c5 $5 $13 {Rajkovic,D}) 17. d5 (
17. dxc5 $5) (17. cxb5 Bxb5 18. Nf3 Nd5 19. Bb2 c4 20. bxc4 Bxc4 21. Ne5 Bb4
22. Re4 Nf6 23. Nxc4 Rxc4 24. Qb3 Qc7 25. Re5 Bc3 26. Rc1 Rc8 27. Bf1 Rc6 28.
Bb5 Ng4 29. Bxc6 {1-0 Tuvsanaa,N-Kalesis,N/Moscow olm (05) MGL-GRE ;EXP 44 1994
}) 17... exd5 18. cxd5 Re8 19. Nf1 b4 $1 20. Bb2 Bxf1 21. Kxf1 Bf8 22. Qf3 Qd6
$6 23. Bxf6 Qxf6 24. Qxf6 $14 {Rajkovic,D-Kalesis,N/Ioannina 58/(567) 1993})
16. bxc4 c5 (16... Nb6 {N} 17. c5 $1 $14 Nd5 18. Qc2 g6 19. Nf3 Bf6 (19... Nf6
$5 20. Ne5 Nxe4 21. Qxe4 Qd5 22. Qxd5 cxd5 23. Rab1 $14) 20. Ne5 $1 Qc7 (20...
Bxe5 21. dxe5 $16 {/\ 22. Bd2, 22. h4-h5>>}) 21. h4 Rfd8 22. Bd2 Bg7 {/\ 23...
Nb4 24. Bb4 (24. Qc3 Be5 25. de5 Nd3 ) Rd4 25. Nc6 Re4} 23. Rad1 $1 {/\ h5|^>>}
Ne7 24. Qc3 $1 {/\ Qa3} Bb5 (24... Rxd4 $5 25. Qxd4 Bxe5 26. Qe3 $14) 25. Bc2
$1 $16 Nf5 26. Bf4 Qb7 27. a4 Ba6 28. Be4 Qa8 29. h5 $16 {()<<>>} g5 (29... Ne7
30. hxg6 hxg6 31. Qf3 $16 {|^}) 30. Bxg5 f6 31. h6 Nxh6 32. Bxh6 Bxh6 33. Qb3
$1 $18 Re8 34. Ng4 Kg7 35. Kg2 f5 36. Nxh6 Kxh6 37. Bxf5 exf5 38. Qf7 {1-0
Karpov,An-Adorjan,A/Luzern 48/689 1989}) 17. d5 exd5 18. Bxd5 $14 Bf6 (18...
Nb6 $5 19. Qg4 (19. Qh5 $5) 19... Bf6 20. Bxf6 Qxf6 21. Ne4 Qg6 $10) 19. Ne4 (
19. Bxf6 Nxf6 $10) (19. Rc1 Bxc3 (19... Nb6 20. Ba5 Qd7 21. Bxb6 axb6 22. a4 h6
23. Qb3 Qc7 24. Ne4 Be5 25. Nc3 Bxc3 26. Rxc3 Rfe8 27. Rce3 Rxe3 28. Rxe3 Rd8
29. Rf3 Rd7 30. Qe3 Qd8 31. Qe4 Re7 32. Qf4 Qxd5 {0-1 Dzandzhava-Chandler,M/
Lloyds 1990}) 20. Rxc3 Nf6 21. Bf3 Rc7 (21... Qa5 22. Qc2 Rfe8 23. Rb1 Rcd8 24.
Nf1 Bc8 25. Ne3 Rd6 26. Kg2 h6 27. Qb2 Rb6 28. Rb3 Rxb3 29. Qxb3 Qc7 30. Qb5
Rd8 31. Nd5 Nxd5 32. cxd5 Bf5 33. Rc1 Rc8 34. Qa6 c4 35. d6 Qb6 36. Qa4 {
1/2-1/2 Chuchelov,V-Van Gisbergen,S/Cappelle la Grande (2) 1994}) 22. Nb3 Qxd1
23. Rxd1 Bc8 24. Kg2 Re8 25. Rd6 Re6 26. Rd8+ Re8 27. Rxe8+ Nxe8 28. Na5 Kf8
29. Rb3 {+/= Hansen} Nd6 30. Bd5 Bd7 31. Rb8+ Ke7 32. Kf3 Be6 {=Dautov/Lputian,
S-Dokhoian,Y/Erevan 1989}) 19... Bxc3 20. Nxc3 {><d5,ץa6} Nb6 (20... Nf6 {
Dautov} 21. Qa4 Qb6 22. Rab1 Qd6 23. Rbd1 Qb6 24. Re7 $16) (20... Qa5 {Dautov}
21. Re7 $16) 21. Qd3 (21. Qg4 Qf6 22. Rac1 Qd4 23. Re4 Qd2 24. Qf4 Qxf4 25.
Rxf4 {1/2-1/2 Polak,T-Shneider,A/Bern op (04) 1995}) 21... Qf6 (21... Bb7 $5
$10) (21... Nxd5 $2 {Dautov} 22. Nxd5 Kh8 (22... Re8 $2 23. Ne7+ Rxe7 24. Qxd8+
Rxd8 25. Rxe7 $18) 23. Re7 $18) (21... Rc7 {Dautov} 22. Rad1 Rd7 23. Qf5 $1 $14
g6 24. Qf4 Qc7 25. Qf3 $1 {/\} Bxc4 $2 26. Bxc4 Rxd1 27. Rxd1 Nxc4 28. Nd5 Qa5
29. Qf6 Re8 30. Ne7+ Kf8 31. Nc6 $18) 22. Rad1 Rfd8 {/\Bxc4} (22... Rfe8 {
Dautov} 23. Rxe8+ (23. Ne4 Qg6) 23... Rxe8 24. Ne4 Qe7 25. Nd6 Rf8 (25... Rd8
$2 26. Nf5 Qf6 27. Bxf7+ Kxf7 28. Qxd8 Qxf5 29. Qc7+ Kg6 30. Qxa7 $18) 26. Bf3
$14 {/\} Rd8 $2 27. Nf5 Qd7 28. Qc3 $16) (22... Rcd8 {Dautov} 23. Re4 $14) 23.
Re4 {/\Rf4 ->} Rf8 $2 (23... Rd7 $14 24. Qe3 g6 25. Re8+ (25. Rf4 {Dautov} Qg7
26. Re1 $36 {><f6,f7}) 25... Rxe8 26. Qxe8+ Kg7 27. Ne4 Qe7 28. Qxe7 Rxe7 29.
Nxc5 Bxc4 $10) 24. Rde1 {<->e,><d5,ץa6} Rcd8 25. Rf4 Qg5 (25... Qg6 26. Qxg6
hxg6 27. Re7 $16 (27. Re7 {Dautov} Nxd5 28. cxd5 $16)) (25... Qd6 $2 {Dautov}
26. Bxf7+ Rxf7 $2 27. Qxd6 Rxd6 28. Re8+ $18) (25... Qh6 {Dautov} 26. Bxf7+ $16
) 26. h4 Nxd5 (26... Qh6 27. Re7 $16) 27. hxg5 Nxf4 28. Qf3 Nd3 $6 (28... Nh3+
{Dautov} 29. Kg2 (29. Kh2) 29... Nxg5 30. Qc6 Bc8 31. Qxc5 Bh3+ 32. Kh1 Nf3 33.
Re3 $18) (28... Ne6 $142 $16) 29. Re4 Bc8 (29... Bb7 {Dautov} 30. Nd5 Nb4 (
30... Bxd5 31. cxd5 Rxd5 $2 32. Re3 Nb4 33. a3 $18) 31. Re7 Bxd5 32. cxd5 $16)
30. Qe3 {קc5} f6 31. Nd5 Ne5 32. Qe2 (32. gxf6 gxf6 33. Nxf6+ Rxf6 34. Rxe5
Rd1+ 35. Kh2 $18) (32. gxf6 $18 {Dautov}) 32... Nc6 33. gxf6 gxf6 34. Ne7+ Nxe7
35. Rxe7 h5 (35... Rf7 {Dautov} 36. Rxf7 Kxf7 37. Qh5+ Kg8 38. Qxc5 Rd1+ 39.
Kh2 Bb7 40. g4 $18) 36. Qxh5 1-0